00741nam a2200217Ia 4500999001500000020001800015082001600033245008800049260004200137300001000179650002400189650003200213650003200245650004000277700001900317700001700336700002000353710002600373942000700399952011700406 c1056d1056 a971-1022-27-3 a639.2 ASI-P 0aProceedings of the first Asian fisheries forum, Manila, Philippines, 26-31 May 1986 aManilabAsian Fisheries Societyc1986 a727p. aFish-culture - Asia aFisheries - Research - Asia aAquaculture industry - Asia aFisheries - Economic aspects - Asia aMaclean, J.L.  aDizon, L.B.  aHosillos, L.V.  aAsian fisheries forum cBK 00104070aNASSDOCbNASSDOCd2004-06-08i2004-10-22l0o639.2 ASI-Pp28802r2019-04-18 00:00:00w2019-04-18yBK